000 00939nam a22002532 4500
001 0000024104
005 20151217145946.0
008 130610s xx 000 0 eng d
020 _a1593853990 :
040 _aKABU
_cKABU
100 1 _aHosp, Michelle K.
_@0000184066
245 1 4 _aThe ABCs of CBM :
_ba practical guide to curriculum-based measurement /
_cMichelle K. Hosp, John L. Hosp, Kenneth W. Howell.
250 _a1st ed.
260 _aNew York :
_bGuilford Press,
_c2006.
300 _ax, 172 p.
650 0 _aCurriculum-based assessment
_zUnited States.
_@0000184031
650 0 _aEducational tests and measurements
_zUnited States.
_@0000153685
700 1 _aHosp, John L.
_@0000184067
700 1 _aHowell, Kenneth W.
_@0000184068
852 1 _9p2340 KES
852 1 _9p2340 KES
908 _a130610
950 _@1
999 _c4489
_d4489